[Event "TATA 14th IBCA Olympiad"]
[Site "Chennai IND"]
[Date "2012.08.14"]
[Round "5.1"]
[White "Molnar, Lubos"]
[Black "Deville, Olivier"]
[Result "1-0"]
[WhiteElo "1981"]
[BlackElo "1976"]
[WhiteTeam "Slovakia"]
[BlackTeam "France"]
[WhiteFideId "14905795"]
[BlackFideId "624160"]
[EventDate "2012.08.10"]
[EventType "team"]

1. e4 c5 2. Nf3 d6 3. d4 cxd4 4. Nxd4 Nf6 5. Nc3 a6 6. Be3 e5 7. Nb3 Be6 8. f4
Qc7 9. f5 Bc4 10. g4 Bxf1 11. Rxf1 h6 12. Qf3 b5 13. a3 Nbd7 14. O-O-O Nb6 15.
Bxb6 Qxb6 16. Nd5 Nxd5 17. Rxd5 Be7 18. Rfd1 Rc8 19. Kb1 O-O 20. h4 Bxh4 21.
Rxd6 Rc6 22. Qd3 Rfc8 23. Qd5 Rxd6 24. Qxd6 Qxd6 25. Rxd6 Rc4 26. Nd2 Ra4 27. b3
Rxa3 28. Rd5 Bg5 29. Kb2 b4 30. Nc4 1-0

[Event "TATA 14th IBCA Olympiad"]
[Site "Chennai IND"]
[Date "2012.08.14"]
[Round "5.2"]
[White "Belazzoug, Farid"]
[Black "Murin, Miroslav"]
[Result "1/2-1/2"]
[WhiteElo "1698"]
[BlackElo "1866"]
[WhiteTeam "France"]
[BlackTeam "Slovakia"]
[WhiteFideId "20602103"]
[BlackFideId "14919303"]
[EventDate "2012.08.10"]
[EventType "team"]

1. d4 d5 2. Nf3 Nf6 3. c4 e6 4. g3 Nbd7 5. Bg2 Bb4+ 6. Bd2 Be7 7. b3 c6 8. O-O
O-O 9. Nc3 Re8 10. Re1 Nf8 11. e4 dxe4 12. Nxe4 Nxe4 13. Rxe4 c5 14. Bc3 Bf6 15.
Rc1 cxd4 16. Bxd4 Bxd4 17. Qxd4 Qc7 18. Qb2 Ng6 19. Ne5 Nf8 20. Nf3 f6 21. Rce1
Bd7 22. R4e3 Rad8 23. Nd2 Bc6 24. Bxc6 Qxc6 25. Ne4 b6 26. Nd2 Re7 27. Ne4 Red7
28. Qc2 h6 29. R3e2 f5 30. Nd2 Rd3 31. Nf1 R8d4 32. Rd2 Qd6 33. Rxd3 Rxd3 34.
Ne3 Rd2 35. Qb1 f4 36. Nf1 Rd4 37. Re4 e5 38. gxf4 exf4 39. Rxd4 Qxd4 40. Qf5
Nd7 41. Qe6+ Kf8 42. Qc6 a5 43. Qe6 Ne5 44. Qf5+ Ke7 45. Qc2 Nf3+ 46. Kh1 1/2-1/2

[Event "TATA 14th IBCA Olympiad"]
[Site "Chennai IND"]
[Date "2012.08.14"]
[Round "5.3"]
[White "Dendis, Emil"]
[Black "Le Moy, Patrick"]
[Result "1-0"]
[WhiteElo "1724"]
[BlackElo "1633"]
[WhiteTeam "Slovakia"]
[BlackTeam "France"]
[WhiteFideId "14930439"]
[BlackFideId "680699"]
[EventDate "2012.08.10"]
[EventType "team"]

1. d4 Nf6 2. c4 e6 3. Nc3 d5 4. Bg5 Nbd7 5. e3 Be7 6. Nf3 O-O 7. c5 c6 8. Bd3 h6
9. Bh4 a5 10. a3 b6 11. b4 bxc5 12. bxc5 Ba6 13. O-O Bxd3 14. Qxd3 Qc7 15. Rab1
Rfb8 16. Bg3 e5 17. Nxe5 Rxb1 18. Rxb1 Qa7 19. Nxc6 1-0

[Event "TATA 14th IBCA Olympiad"]
[Site "Chennai IND"]
[Date "2012.08.14"]
[Round "5.4"]
[White "Peignien, Laurent"]
[Black "Horbal, Jozef"]
[Result "0-1"]
[WhiteElo "1511"]
[BlackElo "1650"]
[WhiteTeam "France"]
[BlackTeam "Slovakia"]
[WhiteFideId "20620705"]
[BlackFideId "14901269"]
[EventDate "2012.08.10"]
[EventType "team"]

1. e4 e5 2. Nf3 Nc6 3. d4 exd4 4. Nxd4 Bc5 5. Be3 Qf6 6. c3 Nge7 7. Bc4 Qg6 8.
O-O Qxe4 9. Nd2 Qg6 10. N2f3 O-O 11. b4 Bb6 12. Qb3 Nxd4 13. Nxd4 d6 14. Rfe1
Bh3 15. Bf1 c5 16. Ne2 Be6 17. Qb2 Nd5 18. Bd2 Qf6 19. a3 cxb4 20. Nd4 bxc3 21.
Bxc3 Nxc3 0-1

[Event "TATA 14th IBCA Olympiad"]
[Site "Chennai IND"]
[Date "2012.08.14"]
[Round "5.2"]
[White "Lucas, Melvyn Andre"]
[Black "Casadei, Marco"]
[Result "0-1"]
[WhiteElo "1667"]
[BlackElo "1803"]
[WhiteTeam "South Africa"]
[BlackTeam "Italy"]
[WhiteFideId "14304660"]
[BlackFideId "847542"]
[EventDate "2012.08.10"]
[EventType "team"]

1. d4 Nf6 2. Bf4 g6 3. e3 Bg7 4. Nf3 O-O 5. Nbd2 d6 6. Bd3 Nbd7 7. Bg5 h6 8.
Bxf6 Nxf6 9. Ne4 Nh7 10. c3 Qe8 11. h4 d5 12. Ng3 b6 13. h5 g5 14. Bxh7+ Kxh7
15. Qd3+ f5 16. O-O-O e6 17. Ne2 Qa4 18. a3 Ba6 19. Qd2 Bc4 20. Rde1 a5 21. Nh2
b5 22. Qc2 Bb3 23. Qb1 b4 24. Kd2 bxa3 25. bxa3 Qxa3 26. Nc1 Bc4 27. Nd3 Rfb8
28. Qa1 Qxa1 29. Rxa1 Bxd3 30. Kxd3 Rb2 31. Rhf1 a4 32. Nf3 a3 33. Ne1 a2 34.
Nc2 Bf8 35. f3 Bd6 36. Rfe1 Rab8 37. g4 fxg4 38. fxg4 R8b3 39. Kd2 e5 40. Rf1
Rb1 41. Rc1 Rxc1 42. Rxc1 Rb1 43. Na1 Ba3 44. Rd1 Rxd1+ 45. Kxd1 Bb2 46. Nb3
Bxc3 47. Kc2 a1=Q 48. Nxa1 Bxa1 0-1

[Event "TATA 14th IBCA Olympiad"]
[Site "Chennai IND"]
[Date "2012.08.14"]
[Round "5.1"]
[White "Harnandan, Sergio"]
[Black "Yuvarlak, Ugur"]
[Result "1-0"]
[WhiteElo "1982"]
[BlackElo "1910"]
[WhiteTeam "Netherland"]
[BlackTeam "Turkey"]
[WhiteFideId "1029169"]
[BlackFideId "6305598"]
[EventDate "2012.08.10"]
[EventType "team"]

1. d4 Nf6 2. c4 e6 3. Nc3 Bb4 4. a3 Bxc3+ 5. bxc3 c5 6. Nf3 Nc6 7. Qc2 b6 8. e4
d6 9. Bd3 e5 10. d5 Na5 11. O-O Ba6 12. Bg5 O-O 13. Qe2 h6 14. Bh4 Kh7 15. Nd2
g5 16. Bg3 Qd7 17. f4 Qe7 18. fxe5 dxe5 19. Rf5 Nd7 20. Raf1 Nb7 21. Nf3 f6 22.
Nd2 Nd6 23. R5f2 Kg7 24. Qg4 Rf7 25. h4 Rh8 26. h5 Bc8 27. Qd1 Re8 28. Be2 Nf8
29. Qc2 Nh7 30. Nf3 Rg8 31. Nh2 Rgf8 32. Bg4 Rd8 33. Bxc8 Rxc8 34. Ng4 Rcf8 35.
Ne3 Re8 36. Qa4 a5 37. Qc6 Qc7 38. Qxd6 Qxd6 39. Nf5+ 1-0

[Event "TATA 14th IBCA Olympiad"]
[Site "Chennai IND"]
[Date "2012.08.16"]
[Round "6.1"]
[White "Desanjose Candalija, Eduardo"]
[Black "Krishna, Udupa"]
[Result "1-0"]
[WhiteTitle "FM"]
[WhiteElo "2238"]
[BlackElo "1885"]
[WhiteTeam "Spain"]
[BlackTeam "India - A"]
[WhiteFideId "2256827"]
[BlackFideId "5014875"]
[EventDate "2012.08.10"]
[EventType "team"]

1. c4 c5 2. g3 Nc6 3. Bg2 g6 4. Nc3 Bg7 5. Nf3 e6 6. d3 Nge7 7. O-O O-O 8. Bd2
a6 9. Qc1 Rb8 10. Bh6 Nf5 11. Bxg7 Kxg7 12. Nd2 b5 13. Bxc6 dxc6 14. Nce4 Qe7
15. cxb5 Rxb5 16. e3 e5 17. Qc3 Nh6 18. a4 Rb8 19. Qxc5 Qxc5 20. Nxc5 Rxb2 21.
Nc4 Rc2 22. Rac1 Rxc1 23. Rxc1 f6 24. Rb1 Nf7 25. Rb6 Ng5 26. f4 exf4 27. gxf4
Nf3+ 28. Kg2 Nh4+ 29. Kf2 g5 30. Rxc6 gxf4 31. exf4 Ng6 32. Kg3 Ne7 33. Rc7 Rf7
34. Kf2 Nd5 35. Rxc8 Nxf4 36. Nd6 Ra7 37. a5 h5 38. Kf3 Ng6 39. Ndb7 Kh6 40. Ke4
f5+ 41. Ke3 Ne5 42. d4 Nd7 43. Kf4 Kg6 44. Nxd7 Rxb7 45. Ne5+ Kf6 46. Rc6+ Kg7
47. Rxa6 Rb2 48. Nf3 Rxh2 49. Nxh2 1-0

[Event "TATA 14th IBCA Olympiad"]
[Site "Chennai IND"]
[Date "2012.08.16"]
[Round "6.2"]
[White "Kishan, Gangolli"]
[Black "Palacios Perez, Manuel"]
[Result "1-0"]
[WhiteElo "1972"]
[BlackElo "2166"]
[WhiteTeam "India - A"]
[BlackTeam "Spain"]
[WhiteFideId "5049350"]
[BlackFideId "2205505"]
[EventDate "2012.08.10"]
[EventType "team"]

1. d4 d5 2. Nf3 c6 3. c4 Nf6 4. Qc2 a6 5. g3 b5 6. b3 e6 7. Nbd2 Bb7 8. Bg2 Nbd7
9. O-O Bd6 10. Bb2 O-O 11. e4 dxe4 12. Ng5 bxc4 13. Nxc4 Be7 14. Nxe4 Nxe4 15.
Bxe4 Nf6 16. Bg2 Rc8 17. a3 Nd5 18. b4 Bd6 19. Rac1 Bc7 1-0

[Event "TATA 14th IBCA Olympiad"]
[Site "Chennai IND"]
[Date "2012.08.16"]
[Round "6.4"]
[White "Makwana, Ashvin K"]
[Black "Clemente Llamero, Roberto"]
[Result "1-0"]
[WhiteElo "1919"]
[BlackElo "2134"]
[WhiteTeam "India - A"]
[BlackTeam "Spain"]
[WhiteFideId "5081912"]
[BlackFideId "2257696"]
[EventDate "2012.08.10"]
[EventType "team"]

1. e4 c6 2. d4 d5 3. e5 Bf5 4. Nf3 e6 5. Bd3 Bxd3 6. Qxd3 Qa5+ 7. c3 Qa6 8. Qxa6
Nxa6 9. O-O Ne7 10. Be3 Nf5 11. Nbd2 c5 12. g4 Nxe3 13. fxe3 Be7 14. Rf2 b5 15.
a3 Nc7 16. Raf1 a5 17. dxc5 Bxc5 18. Nd4 O-O 19. N2b3 Be7 20. Nc6 Bg5 21. Rf3 a4
22. Nbd4 Rae8 23. Kg2 f6 24. Kg3 fxe5 25. Nxe5 Bxe3 26. Ndc6 Bc5 27. Kg2 Rxf3
28. Rxf3 Rf8 29. h3 Rxf3 30. Kxf3 Bd6 31. Ke3 Na6 32. Nd3 Nc5 33. Nd4 Be7 34.
Nxb5 Bg5+ 35. Ke2 Nxd3 36. Kxd3 Kf7 37. c4 dxc4+ 38. Kxc4 Bf6 39. Nc3 Bxc3 40.
bxc3 Ke7 41. Kb4 Kd6 42. Kxa4 Kd5 43. Kb3 e5 44. Kc2 Kc4 45. a4 1-0

[Event "TATA 14th IBCA Olympiad"]
[Site "Chennai IND"]
[Date "2012.08.16"]
[Round "6.1"]
[White "Mueller, Oliver"]
[Black "Meshkov, Yuri A."]
[Result "1/2-1/2"]
[WhiteTitle "FM"]
[BlackTitle "IM"]
[WhiteElo "2265"]
[BlackElo "2390"]
[WhiteTeam "Germany"]
[BlackTeam "Russia"]
[WhiteFideId "4633385"]
[BlackFideId "4107101"]
[EventDate "2012.08.10"]
[EventType "team"]

1. d4 Nf6 2. c4 e6 3. Nf3 Bb4+ 4. Bd2 c5 5. Bxb4 cxb4 6. a3 Nc6 7. d5 exd5 8.
cxd5 Ne7 9. e4 Nxe4 10. Bd3 Nd6 11. O-O bxa3 12. Rxa3 g6 13. Re1 O-O 14. Nc3 b6
15. Qd2 Bb7 16. Qf4 Nec8 17. h4 Re8 18. Raa1 f5 19. h5 Qf6 20. g4 g5 21. Nxg5
Ne7 22. Nf3 Nf7 23. g5 Qd6 24. Qd4 Kf8 25. h6 Qg6 26. Qf4 Qd6 27. Qd4 Qg6 28.
Qf4 Qd6 29. Qxd6 Nxd6 30. Ne5 Red8 31. Nb5 Nxb5 32. Bxb5 Nxd5 33. Bxd7 Ne7 34.
Rac1 Bc8 35. Ba4 Rd4 36. Rc4 Rxc4 37. Nxc4 Rb8 38. Nd6 a6 39. Bb3 Bd7 40. Be6
Bxe6 41. Rxe6 Rd8 42. Rf6+ Kg8 43. Nxf5 Nxf5 44. Rxf5 Rd2 45. Re5 Rxb2 46. Re8+
Kf7 47. Rh8 Kg6 48. Rg8+ Kh5 49. Rg7 Rb4 50. f3 Rf4 51. Kf2 Rf5 52. Rxh7 Rxg5
53. Rh8 Rb5 54. h7 Kg6 55. Ra8 Kxh7 1/2-1/2

[Event "TATA 14th IBCA Olympiad"]
[Site "Chennai IND"]
[Date "2012.08.16"]
[Round "6.2"]
[White "Smirnov, Sergei1"]
[Black "Riegler, Dieter"]
[Result "1-0"]
[WhiteElo "2333"]
[BlackElo "2132"]
[WhiteTeam "Russia"]
[BlackTeam "Germany"]
[WhiteFideId "4120884"]
[BlackFideId "4606426"]
[EventDate "2012.08.10"]
[EventType "team"]

1. d4 Nf6 2. c4 g6 3. Nf3 Bg7 4. g3 O-O 5. Bg2 d6 6. Nc3 Nbd7 7. O-O e5 8. e4
exd4 9. Nxd4 Re8 10. h3 a6 11. Re1 Rb8 12. b3 c5 13. Nc2 Ne5 14. Bb2 b5 15. cxb5
axb5 16. f4 Ned7 17. Qxd6 Nh5 18. g4 Re6 19. Qd2 Nhf6 20. e5 Ne8 21. Rad1 Qa5
22. Bd5 Nc7 23. Bxe6 fxe6 24. Ne3 Qa7 25. Ne4 Bf8 26. Nf6+ Nxf6 27. exf6 Qxa2
28. Qc3 Qa7 29. f7+ Kxf7 30. Qf6+ Kg8 31. Qh8+ Kf7 32. Qxh7+ Ke8 33. Qxg6+ 1-0

[Event "TATA 14th IBCA Olympiad"]
[Site "Chennai IND"]
[Date "2012.08.16"]
[Round "6.3"]
[White "Schellmann, Frank"]
[Black "Krylov, Sergey"]
[Result "1/2-1/2"]
[WhiteTitle "CM"]
[BlackTitle "IM"]
[WhiteElo "2110"]
[BlackElo "2337"]
[WhiteTeam "Germany"]
[BlackTeam "Russia"]
[WhiteFideId "4669916"]
[BlackFideId "4108809"]
[EventDate "2012.08.10"]
[EventType "team"]

1. e4 c5 2. c3 d6 3. d4 Nf6 4. Bd3 g6 5. Nf3 Bg7 6. O-O O-O 7. h3 Nc6 8. Qe2 Nd7
9. Be3 a6 10. Rd1 Qc7 11. a4 e5 12. dxc5 Nxc5 13. Bc2 b6 14. Na3 Be6 15. Nd2 d5
16. exd5 Bxd5 17. Ndc4 Be6 18. b4 Nd7 19. b5 Na5 20. Nxa5 bxa5 21. bxa6 Qc6 22.
Bd3 Nc5 23. Bb5 Qc7 24. Nc4 Rfc8 25. Bxc5 Qxc5 26. Nxa5 Qxc3 27. Nb7 Bf8 28. Qd2
e4 29. Qxc3 Rxc3 30. Rac1 Ra3 31. Rd8 Ra7 32. Na5 Kg7 33. Nc6 Be7 34. Nxa7 Bxd8
35. Nc6 Bb6 36. a7 Bxa7 37. Nxa7 Bb3 38. Nc6 Bxa4 39. Bxa4 Rxa4 40. Ne5 Ra5 41.
Ng4 h5 42. Ne3 h4 43. Rc7 Kf6 44. Kh2 Ke6 45. Rc6+ Ke7 46. g3 hxg3+ 47. Kxg3
Rg5+ 48. Ng4 Rf5 49. Rc3 Ra5 50. h4 Kf8 51. Ne3 Kg7 52. Rc2 Ra1 53. Kg2 Kh6 54.
Rc5 Ra2 55. Ng4+ Kg7 56. Kg3 Ra3+ 57. Ne3 Ra2 58. Rc7 Ra5 59. Nc4 Rf5 60. Nd6
Rf3+ 61. Kg2 Rf4 62. Rxf7+ Rxf7 63. Nxf7 Kxf7 64. Kg3 Kg7 65. Kf4 Kh6 66. Kxe4
Kh5 67. f4 Kxh4 68. f5 1/2-1/2

[Event "TATA 14th IBCA Olympiad"]
[Site "Chennai IND"]
[Date "2012.08.16"]
[Round "6.4"]
[White "Babarykin, Stanislav"]
[Black "Dobierzin, Olaf"]
[Result "1-0"]
[WhiteTitle "FM"]
[WhiteElo "2280"]
[BlackElo "2060"]
[WhiteTeam "Russia"]
[BlackTeam "Germany"]
[WhiteFideId "4101898"]
[BlackFideId "4635000"]
[EventDate "2012.08.10"]
[EventType "team"]

1. e4 c5 2. Nf3 Nc6 3. d4 cxd4 4. Nxd4 g6 5. c4 Bg7 6. Be3 Nf6 7. Nc3 d6 8. Be2
O-O 9. O-O Bd7 10. Qd2 Nxd4 11. Bxd4 Bc6 12. f3 a5 13. b3 Nd7 14. Be3 Nc5 15.
Rab1 Qb6 16. Rfc1 Qb4 17. Qb2 Qb6 18. Qd2 Qb4 19. Rc2 Rfc8 20. Qc1 Qb6 21. a3
Qd8 22. Qd2 b6 23. Bf1 a4 24. b4 Nb3 25. Qf2 b5 26. cxb5 Bd7 27. Nd5 Rxc2 28.
Qxc2 Nd4 29. Qf2 Nxb5 30. Bb6 Qf8 31. Bxb5 Bxb5 32. Nc7 Bc6 33. Rc1 Bb7 34. Nxa8
Qxa8 35. Bd4 e5 36. Be3 d5 37. exd5 Bxd5 38. Qc2 Be6 39. Qc6 Qxc6 40. Rxc6 h6
41. Ra6 Bd7 42. Ra8+ Kh7 43. Ra7 1-0

[Event "TATA 14th IBCA Olympiad"]
[Site "Chennai IND"]
[Date "2012.08.16"]
[Round "6.1"]
[White "Grigorchuk, Sergey"]
[Black "Crouch, Colin S"]
[Result "1/2-1/2"]
[BlackTitle "IM"]
[WhiteElo "2302"]
[BlackElo "2373"]
[WhiteTeam "Ukraine"]
[BlackTeam "UK"]
[WhiteFideId "14114879"]
[BlackFideId "400947"]
[EventDate "2012.08.10"]
[EventType "team"]

1. d4 e6 2. c4 b6 3. e4 Bb7 4. Nd2 d5 5. cxd5 exd5 6. e5 Ne7 7. Bd3 Nbc6 8. Ne2
Qd7 9. O-O Nf5 10. Nf3 Be7 11. Bd2 g6 12. Rc1 Ng7 13. Qc2 a6 14. a3 Ne6 15. b4
O-O 16. Bh6 Rfc8 17. h4 Bf8 18. Qd2 Ng7 19. Rc3 Ne7 20. Rfc1 a5 21. b5 c6 22.
Qb2 cxb5 23. Qxb5 Qxb5 24. Bxb5 Nef5 25. Bxg7 Nxg7 26. a4 Rxc3 27. Rxc3 Ne6 28.
Ng5 Bb4 29. Rc2 Nxg5 30. hxg5 Rc8 31. Rxc8+ Bxc8 32. f4 Kf8 33. Kf2 Ke7 34. Ng3
Bg4 35. Nf1 Bc3 36. Ke3 Bb2 37. g3 Bd1 38. Kd3 Bf3 39. Nd2 Bd1 40. Nf1 Bf3 41.
Nd2 Bd1 1/2-1/2

[Event "TATA 14th IBCA Olympiad"]
[Site "Chennai IND"]
[Date "2012.08.16"]
[Round "6.2"]
[White "Ross, Chris N"]
[Black "Shepelev, Igor"]
[Result "0-1"]
[WhiteElo "2231"]
[BlackElo "2117"]
[WhiteTeam "UK"]
[BlackTeam "Ukraine"]
[WhiteFideId "410411"]
[BlackFideId "14114909"]
[EventDate "2012.08.10"]
[EventType "team"]

1. d4 d5 2. Nf3 Nf6 3. c4 e6 4. Nc3 Be7 5. cxd5 exd5 6. Qc2 O-O 7. Bg5 Nbd7 8.
e3 Re8 9. Bd3 Nf8 10. h3 c6 11. O-O Ng6 12. Bxf6 Bxf6 13. b4 a6 14. a4 Be7 15.
b5 axb5 16. axb5 Rxa1 17. Rxa1 Bd6 18. bxc6 bxc6 19. Ra8 Qc7 20. Bf5 Bd7 21. Qa4
Rxa8 22. Qxa8+ Nf8 23. Bxd7 Qxd7 24. Na4 f6 25. Nb6 Qc7 26. Nc8 Kf7 27. Nxd6+
Qxd6 28. Nd2 Ng6 29. Qb7+ Ne7 30. Nb3 h5 31. h4 Qd8 32. Qa7 Qc8 33. g3 g5 34.
hxg5 fxg5 35. Nc5 h4 36. Nd7 hxg3 37. fxg3 g4 38. Kg2 Kg6 39. Ne5+ Kf6 40. Qa3
Qe6 41. Qa8 Ng6 42. Qd8+ Kf5 43. Qc7 Nxe5 44. dxe5 Ke4 45. Qd6 Qxe5 46. Qxc6
Qb2+ 47. Kg1 Qb1+ 48. Kf2 Qa2+ 49. Kg1 Qc4 50. Qb6 Qc1+ 51. Kg2 Qd2+ 52. Kf1
Qd1+ 53. Kg2 Qf3+ 54. Kh2 Qf2+ 55. Kh1 Qf1+ 56. Kh2 Qh3+ 57. Kg1 0-1

[Event "TATA 14th IBCA Olympiad"]
[Site "Chennai IND"]
[Date "2012.08.16"]
[Round "6.3"]
[White "Konev, Victor"]
[Black "Hilton, Stephen H"]
[Result "1-0"]
[WhiteElo "2128"]
[BlackElo "1928"]
[WhiteTeam "Ukraine"]
[BlackTeam "UK"]
[WhiteFideId "14111764"]
[BlackFideId "415030"]
[EventDate "2012.08.10"]
[EventType "team"]

1. e4 c5 2. Nf3 d6 3. d4 cxd4 4. Nxd4 Nf6 5. Nc3 a6 6. Be2 e5 7. Nb3 Be6 8. O-O
Be7 9. f4 Qc7 10. f5 Bc4 11. Bg5 Nbd7 12. Kh1 Rc8 13. Nd2 Bxe2 14. Qxe2 O-O 15.
Rac1 b5 16. a3 Nb6 17. Rf3 h6 18. Bh4 d5 19. Bxf6 Bxf6 20. exd5 Bg5 21. Rd1 Rfd8
22. Nde4 Nc4 23. Nxg5 hxg5 24. f6 Nxb2 25. Rdf1 gxf6 26. Ne4 Qxc2 27. Nxf6+ Kg7
28. Qxe5 Kg6 29. Ne4 1-0

[Event "TATA 14th IBCA Olympiad"]
[Site "Chennai IND"]
[Date "2012.08.16"]
[Round "6.1"]
[White "Dukaczewski, Piotr"]
[Black "Dimic, Pavle"]
[Result "0-1"]
[WhiteTitle "IM"]
[BlackTitle "FM"]
[WhiteElo "2228"]
[BlackElo "2155"]
[WhiteTeam "Poland"]
[BlackTeam "Serbia"]
[WhiteFideId "1103520"]
[BlackFideId "937428"]
[EventDate "2012.08.10"]
[EventType "team"]

1. e4 c5 2. Nf3 Nc6 3. Bb5 Nf6 4. Nc3 Qc7 5. O-O a6 6. Bxc6 dxc6 7. h3 e5 8. d3
Be7 9. Be3 Nd7 10. Nh2 O-O 11. Ne2 Rd8 12. f4 c4 13. fxe5 cxd3 14. e6 dxe2 15.
exf7+ Kh8 16. Qxe2 Nf8 17. Bf4 Bd6 18. e5 Bc5+ 19. Kh1 Be6 20. Nf3 Qxf7 21. Ng5
Qg6 22. Ne4 Be7 23. Nd6 Bxd6 24. exd6 Nd7 25. Qd2 Bc4 26. Rf2 Re8 27. Re1 Rxe1+
28. Qxe1 Re8 29. Qb4 Qe4 30. Kh2 c5 31. Qc3 Bd5 32. b3 Qe1 33. Qg3 Bc6 34. Qh4
Nf6 35. Bg3 Qe4 36. Qg5 Qd5 37. Qh4 Kg8 38. c4 Qh5 39. Qf4 Re4 40. Qxe4 0-1

[Event "TATA 14th IBCA Olympiad"]
[Site "Chennai IND"]
[Date "2012.08.16"]
[Round "6.3"]
[White "Gunajew, Rafal"]
[Black "Avram, Sretko"]
[Result "1/2-1/2"]
[WhiteTitle "FM"]
[BlackTitle "FM"]
[WhiteElo "2260"]
[BlackElo "2217"]
[WhiteTeam "Poland"]
[BlackTeam "Serbia"]
[WhiteFideId "1116037"]
[BlackFideId "925314"]
[EventDate "2012.08.10"]
[EventType "team"]

1. e4 e5 2. Nf3 Nf6 3. Nxe5 d6 4. Nf3 Nxe4 5. c4 Be7 6. d4 Bg4 7. Nc3 Nxc3 8.
bxc3 O-O 9. Bd3 Nc6 10. Rb1 Rb8 11. h3 Bh5 12. O-O Bf6 13. Bf4 Bg6 14. Bxg6 hxg6
15. Qa4 Qd7 16. Qa3 a6 17. Be3 Ne7 18. d5 b6 19. Rfd1 Ra8 20. Bd4 Rfe8 21. Rd3
Nf5 22. Rbd1 Re4 23. g4 Nh4 24. Bxf6 Nxf3+ 25. Rxf3 gxf6 26. Rd4 Rxd4 27. cxd4
Kg7 28. Kg2 a5 29. Qe3 Re8 30. Qf4 Qd8 31. a3 Re2 32. h4 Qe7 33. Re3 Rxe3 34.
Qxe3 Qd7 35. Kg3 Qa4 36. Qd3 Qe8 37. h5 Qe1 38. Kg2 Qc1 39. hxg6 fxg6 40. Qe2
Qf4 41. Qd1 Kh6 42. f3 Kg5 43. Kf2 Qh2+ 44. Ke3 Qb2 45. Qd3 Qh2 46. Qd1 f5 47.
gxf5 gxf5 48. a4 Qb2 49. f4+ Kf6 50. Qe1 Qh2 51. Qf2 1/2-1/2

[Event "TATA 14th IBCA Olympiad"]
[Site "Chennai IND"]
[Date "2012.08.16"]
[Round "6.4"]
[White "Avram, Veso"]
[Black "Zoltek, Tadeusz"]
[Result "1-0"]
[BlackTitle "FM"]
[WhiteElo "2127"]
[BlackElo "2191"]
[WhiteTeam "Serbia"]
[BlackTeam "Poland"]
[WhiteFideId "925330"]
[BlackFideId "1101048"]
[EventDate "2012.08.10"]
[EventType "team"]

1. d4 d5 2. c4 e6 3. Nc3 Nf6 4. cxd5 exd5 5. Bg5 Be7 6. Qc2 O-O 7. e3 Nbd7 8.
Bd3 c6 9. Nge2 Re8 10. h3 Nf8 11. O-O-O a5 12. g4 b5 13. Ng3 a4 14. Kb1 Qa5 15.
Nce2 Bd7 16. Nf5 Bxf5 17. gxf5 Rac8 18. Nf4 b4 19. Bxf6 b3 20. Qd2 bxa2+ 21.
Kxa2 Qxd2 22. Rxd2 Bxf6 23. Rc2 Bg5 24. Ng2 Nd7 25. Rhc1 Nb8 26. Bb5 Re7 27.
Bxc6 Na6 28. Rc3 Nb4+ 29. Kb1 a3 30. bxa3 Nxc6 31. Rxc6 Rb8+ 32. Kc2 Ra7 33. Rc3
h5 34. Kd3 Kh7 35. Ne1 Bh4 36. R1c2 Rb1 37. Nf3 Bf6 38. Ne5 Rh1 39. Rc7 Rxa3+
40. Ke2 Bxe5 41. dxe5 Rxh3 42. Rxf7 Kh6 43. e6 Rh4 44. e7 Re4 45. Rc6+ Kg5 46.
Rg6+ Kh4 47. Re6 Ra2+ 48. Kf3 Rb4 49. e8=Q 1-0

[Event "TATA 14th IBCA Olympiad"]
[Site "Chennai IND"]
[Date "2012.08.16"]
[Round "6.1"]
[White "Torres, Saulo De Jesus"]
[Black "Magnusson, Jorgen"]
[Result "0-1"]
[BlackTitle "FM"]
[WhiteElo "1914"]
[BlackElo "2273"]
[WhiteTeam "Columbia"]
[BlackTeam "Sweden"]
[WhiteFideId "4403622"]
[BlackFideId "1700880"]
[EventDate "2012.08.10"]
[EventType "team"]

1. e4 e6 2. d3 d5 3. Nd2 c5 4. Ngf3 Nc6 5. g3 g6 6. Bg2 Bg7 7. O-O Nge7 8. c3 h6
9. Re1 b6 10. Nf1 a5 11. a4 Ra7 12. Ne3 d4 13. cxd4 cxd4 14. Nc4 e5 15. Qb3 Be6
16. Qxb6 Qxb6 17. Nxb6 Nb4 18. Rd1 Nc2 19. Rb1 Ba2 20. Bd2 Bxb1 21. Rxb1 O-O 22.
Rc1 Rb8 23. Nc4 Nb4 24. Bf1 Nec6 25. Be2 f6 26. Ne1 h5 27. h4 Kh7 28. Kg2 Bh6
29. f4 Nd8 30. Nf3 Nbc6 31. f5 Bxd2 32. Nfxd2 gxf5 33. exf5 Kh6 34. Ne4 Ne7 35.
Nc5 Nxf5 36. Ne4 Kg6 37. Rf1 Ne3+ 38. Nxe3 dxe3 39. Rxf6+ Kg7 40. Kf3 Rf7 41.
Rxf7+ Nxf7 42. Kxe3 Kg6 43. Nd2 Rxb2 44. Nc4 Rb1 45. Kf3 Rc1 46. Ne3 Nh6 47. d4
Nf7 48. dxe5 Nxe5+ 0-1

[Event "TATA 14th IBCA Olympiad"]
[Site "Chennai IND"]
[Date "2012.08.16"]
[Round "6.2"]
[White "Berggren, Patrik"]
[Black "Rico Hernandez, Edgar"]
[Result "1-0"]
[WhiteElo "1935"]
[BlackElo "1884"]
[WhiteTeam "Sweden"]
[BlackTeam "Columbia"]
[WhiteFideId "1709917"]
[BlackFideId "4427823"]
[EventDate "2012.08.10"]
[EventType "team"]

1. e4 c6 2. d4 d5 3. Nc3 dxe4 4. Nxe4 Bf5 5. Ng3 Bg6 6. h4 h6 7. Nh3 e6 8. Nf4
Bh7 9. Bc4 Nf6 10. O-O Bd6 11. Nxe6 fxe6 12. Bxe6 Bg6 13. Re1 Kf8 14. h5 Bh7 15.
Nf5 Bxf5 16. Bxf5 g5 17. hxg6 Kg7 18. Qf3 Na6 19. Bd2 Nb4 20. Re6 Re8 21. Qe3
Ng8 22. c4 Na6 23. d5 Be7 24. Re1 Rf8 25. Rxe7+ Qxe7 26. Bc3+ Rf6 27. Qxe7+ Nxe7
28. Rxe7+ 1-0

[Event "TATA 14th IBCA Olympiad"]
[Site "Chennai IND"]
[Date "2012.08.16"]
[Round "6.3"]
[White "Daza, Fernando"]
[Black "Berggren, Marcus"]
[Result "0-1"]
[WhiteElo "1871"]
[BlackElo "1933"]
[WhiteTeam "Columbia"]
[BlackTeam "Sweden"]
[WhiteFideId "4413610"]
[BlackFideId "1710036"]
[EventDate "2012.08.10"]
[EventType "team"]

1. d4 e6 2. Nf3 f5 3. Bg5 Nf6 4. e3 Be7 5. Nbd2 O-O 6. Bd3 d6 7. c3 Nc6 8. Qc2
Nd5 9. h4 h6 10. Bf4 Bf6 11. Bc4 Nb6 12. Bb3 Kh8 13. e4 e5 14. dxe5 dxe5 15. Be3
f4 16. Bc5 Be7 17. Bxe7 Qxe7 18. O-O-O a5 19. Nc4 a4 20. Nxb6 axb3 21. Qxb3 cxb6
22. a3 Bg4 23. Qxb6 Ra6 24. Qb5 Ra5 25. Qb6 Rfa8 26. h5 R8a6 27. Qb3 Be6 28. Qc2
Rb6 29. Nh4 Bf7 30. Qd3 Ra8 31. Qd7 Rxa3 32. Qxe7 Ra1+ 33. Kd2 Rxb2+ 34. Ke1
Rxd1+ 35. Kxd1 Nxe7 36. Kc1 Rxf2 37. Rd1 Bxh5 38. Rd7 Rf1+ 39. Kb2 Rh1 40. Rxe7
Rxh4 41. Rxe5 Rh2 42. Kb3 Bd1+ 0-1